000 00631nam a2200229Ia 4500
003 OSt
005 20220918201303.0
006 a|||||r|||| 00| 0
007 ta
008 220917b |||||||| |||| 00| 0 eng d
024 _a92,900
037 _cTextual
040 _aARTS
_cARTS
_beng
041 _2eng
_aeng
082 _aV1N, J51
100 _aHogan willard N
_997942
245 0 _aInternational conflict and collective security
_b the principle of concern in international organization
260 _c1955
650 _aHISTORY
942 _hV1N, J51
_cTEXL
_2CC
999 _c216548
_d216548